000 00744nam a2200193Ia 4500
001 16845
003 GE_BSU
008 181216s||||||||xx |||||||||||||| ||und||
040 _cGE_BSU
080 _a37.01(479.22)
245 _aიაკობ გოგებაშვილი : საიუბილეო კრებული
245 _cგ. კიკნაძის, გ. თავზიშვილის და დ. ყიფშიძის რედაქციით.
260 _aთბილისი
260 _bსახელგამი
260 _c1940
300 _a425გვ.23სმ.
653 _aიაკობ გოგებაშვილი : საიუბილეო კრებული
942 _cBK
999 _c49909
_d49909